00627nam a2200157 a 450000100100000000500170001000800410002702000150006804000250008324500900010826000790019830000380027750400320031595201050034799900170045200003970620201002033706.0130716s2004 dr 000 0 spa d a9505119402 aDO-SdBNPbspacBNPHU03aLa democracia en América Latina :bhacia una democracia de ciudadanas y ciudadanos. aBuenos Aires :bPrograma de las Naciones Unidas para el Desarrollo,c2004. a255 p. :bil., gráfs. ;c28 cm. aBibliografía: p. 239 -255 0010718PDaGRbGRcCTd2013-07-16iLF1l0o p39706-10r2020-06-25w2020-06-25yLFPDZNo se presta c39196d39196